ذرا بچ کے / (Record no. 194359)

MARC details
000 -LEADER
fixed length control field 00610nam a22001937a 4500
005 - DATE AND TIME OF LATEST TRANSACTION
control field 20221216112342.0
010 ## - LCCN (DPL NO)
LC control number UR-11797
020 ## - INTERNATIONAL STANDARD BOOK NUMBER
International Standard Book Number 9789383533640
Terms of availability 300.00
035 ## - SYSTEM CONTROL NUMBER
System control number U-10352
037 ## - SOURCE OF ACQUISITION
Source of stock number/acquisition DBAD/PUB
Stock number -
082 ## - DEWEY DECIMAL CLASSIFICATION NUMBER
Classification number 841.08
100 ## - MAIN ENTRY--PERSONAL NAME
Personal name چونچ گیاوي
245 ## - TITLE STATEMENT
Title ذرا بچ کے /
Statement of responsibility, etc چونچ گیاوي
Medium ا ر د و
246 ## - VARYING FORM OF TITLE
Title proper/short title Zara Bach Ke /
Remainder of title by Chonch Gayavi
260 ## - PUBLICATION, DISTRIBUTION, ETC. (IMPRINT)
Place of publication, distribution, etc New Delhi
Name of publisher, distributor, etc Educational Publishing House
Date of publication, distribution, etc 2020 ء
270 ## - ADDRESS
Address H.o. D1/16, Ansari Road, Darya Ganj
City New Delhi
Postal code 110002
300 ## - PHYSICAL DESCRIPTION
Extent 160 ص
Dimensions 22cm(Hb)
942 ## - ADDED ENTRY ELEMENTS (KOHA)
Source of classification or shelving scheme Dewey Decimal Classification
Item type Urdu Bks
Call number suffix چ و ن
Classification part 841.08
Holdings
Withdrawn status Lost status Not for loan Collection code Home library Current library Date acquired Source of acquisition Cost, normal purchase price Full call number Barcode Copy number Cost, replacement price Koha item type
      Non-fiction Central Library Central Library 16/12/2022 DBAD/PUB 300.00 841.08 چ و ن U-10352 1 300.00 Urdu Bks

© Delhi Public Library
Hit Counter
free hit counter